000 01233nam a22002177a 4500
999 _c59038
_d59038
003 Ge_BSU
005 20221102165957.0
008 221102s2006 ge ||||| |||| 00| 0 geo d
041 _ageo
080 _a34(479.22)(09)+94(479.22) გ-61
100 _aგოგოლიშვილი, ო.
_94429
245 _aვახტანგ VI-ის სამართლის წიგნთა კრებული /
_cო. გოგოლიშვილი; რედ.ო. მახარაძე. შოთა რუსთაველის სახელმწ. უნ-ტი.იურიდ. მეცნ. დეპარტამენტი.
264 _aბათუმი,
_c2006.
300 _a27გვ.
_b 20 სმ.
504 _aბიბლიოგრ. გვ.26
653 _aქართული სამართლის ისტორია
653 _aქართული სამართლის ძეგლები
700 _aმახარაძე, ო.
_eრედაქტორი
_92877
710 _a შოთა რუსთაველის სახელმწ. უნ-ტი.
_bიურიდ. მეცნ. დეპარტამენტი.
_915752
942 _2udc
_cBK